Desmaterialización del bien jurídico y de la política criminal (Registro nro. 320523)

Detalles MARC
000 -ENCABEZADO
Número de control [NR] 01151nam a22002537a 4500
005 - FECHA Y HORA DE LA ÚLTIMA TRANSACCIÓN
control field 20220207153148.0
008 - DE LONGITUD FIJA DE DATOS DE ELEMENTOS - INFORMACIÓN GENERAL
Elementos de longitud fija [NR] 220207s2001 ck |||gr|||| 00| 0 spa d
020 ## - NUMERO INTERNACIONAL NORMALIZADO PARA LIBROS [R]
Número Internacional Normalizado del libro [NR] 9586165671
040 ## - FUENTE DE CATALOGACION [NR]
Agencia de catalogación original [NR] CO-BoUCM
Idioma de catalogación [NR] spa
Quien Cataloga Deissy Garcia
Quien Clasifica Deissy Garcia
041 1# - CODIGO DE IDIOMA [R]
Código de idioma para texto/pista de sonido o título separado [R] Español
Language code of original and/or intermediate translations of text eng
100 1# - ASIENTO PRINCIPAL--NOMBRE PERSONAL [NR]
ID Autoridad 173196
Nombre personal [NR] Müssig, Bernd
245 10 - MENCION DE TITULO [NR]
Título [NR] Desmaterialización del bien jurídico y de la política criminal
Parte restante del título [NR] sobre las perspectivas y los fundamentos de una teoría crítica del bien jurídico hacia el sistema
Mención de responsabilidad, etc. [NR] Bernd Müssig ; traducción de Manuel Cancio Meliá, Enrique Peñaranda Ramos
260 ## - PUBLICACION, DISTRIBUCION, ETC. (PIE DE IMPRENTA) [R]
Lugar de publicación, distribución, etc. [R] Bogotá
Nombre del editor, distribuidor, etc. [R] Universidad Externado de Colombia, Centro de Investigaciones de Derecho Penal y Filosofía del Derecho
Fecha de publicación, distribución, etc. [R] 2001
300 ## - DESCRIPCION FISICA [R]
Extensión [R] 69, [2] páginas
490 0# - MENCION DE SERIE [R]
Mención de serie [R] Colección de estudios
Designación numérica/secuencial del volumen [NR] 22
504 ## - NOTA DE BIBLIOGRAFIA, ETC. [R]
Nota de bibliografía, etc. [NR] Incluye referencias bibliográficas
650 #7 - ASIENTO SECUNDARIO DE MATERIA - TERMINO TEMATICO [R]
9 (RLIN) 15794
Término temático o nombre geográfico como elemento de entrada [NR] Filosofía del derecho penal
650 #7 - ASIENTO SECUNDARIO DE MATERIA - TERMINO TEMATICO [R]
9 (RLIN) 12849
Término temático o nombre geográfico como elemento de entrada [NR] Derecho y sociedad
650 #7 - ASIENTO SECUNDARIO DE MATERIA - TERMINO TEMATICO [R]
9 (RLIN) 21934
Término temático o nombre geográfico como elemento de entrada [NR] Política criminal
650 #7 - ASIENTO SECUNDARIO DE MATERIA - TERMINO TEMATICO [R]
9 (RLIN) 12805
Término temático o nombre geográfico como elemento de entrada [NR] Derecho penal
710 2# - ASIENTO SECUNDARIO - NOMBRE CORPORATIVO [R]
Nombre corporativo o de jurisdicción como elemento de entrada [NR] Universidad Externado de Colombia
9 (RLIN) 3812
942 ## - ELEMENTOS DE ENTRADA AGREGADOS (KOHA)
Sistema de clasificación DEWEY
Tema principal Derecho
Tipo de ítem principal el descrito en 300a Libro
Edición 1
Clasificación 345.001
Parte restante de la signatura top. M939d
Título oculto en OPAC No
Existencias
Signatura topográfica Código de barras Última vez visto Ejemplar Costo de reposición Price effective from Tipo de ítem Perdido Sistema de clasificación Dañado No prestable Tipo de ítem específico Suprimido Ubicación habitual Ubicación actual Localización Fecha de creación Forma de adquisición Costo
345.001 M939d 100169137 09/12/2024 Ej.1 26000.00 07/02/2022 Libro   DEWEY     Libro   BodegaJK Claustro Préstamo 2 días después de solicitado 07/02/2022 Donación 0.00